Elements of style. Volume 3, Episode 7, Looking good /

"In this issue of Elements of Style, experience the world of beauty with a modern eye. Famous faces reveal what they think is beautiful. Find out what Naomi Campbell's fragrance says about her. Take a look at the career and revitalization of hair mogul, Vidal Sassoon and his newest hair...

Full description

Bibliographic Details
Other Authors: Cardin, Marlene McGinnis (Producer), Charney, Nicolas H. (Director)
Format: Video
Language:English
Language Notes:In English.
Published: New York, NY : Videofashion, 2008.
Subjects:
Online Access:Connect to this streaming video (Alexander Street Press)

MARC

Tag First Indicator Second Indicator Subfields
LEADER 00000cgm a22000003a 4500
001 in00003744813
006 m|||||o||c||||||||
007 cr |n||||||||a
007 vz |za|z|
008 140703s2008 nyu024 e |o v|eng d
005 20260324202333.8
035 |a (OCoLC)885278819 
035 |a ASP2467335/fash 
040 |a VaAlASP  |c VaAlASP  |d UtOrBLW 
050 4 |a HD9970.5.C672  |b E446 2008 
245 0 0 |a Elements of style.  |n Volume 3, Episode 7,  |p Looking good /  |c by Videofashion. 
264 1 |a New York, NY :  |b Videofashion,  |c 2008. 
300 |a 1 online resource (24 min.) 
306 |a 002401 
336 |a two-dimensional moving image  |b tdi  |2 rdacontent 
337 |a computer  |b c  |2 rdamedia 
337 |a video  |b v  |2 rdamedia 
338 |a online resource  |b cr  |2 rdacarrier 
338 |a other  |b vz  |2 rdacarrier 
500 |a Title from resource description page (viewed Jul. 21, 2014). 
520 |a "In this issue of Elements of Style, experience the world of beauty with a modern eye. Famous faces reveal what they think is beautiful. Find out what Naomi Campbell's fragrance says about her. Take a look at the career and revitalization of hair mogul, Vidal Sassoon and his newest hairstylist, Eugene Soulieman. And find out what L.A. locals do to stay lean and limber, with Mari Windsor Pilates. Plus, visit the Greenhouse Spa in NYC and more."--Publisher website. 
530 |a Previously released as DVD. 
546 |a In English. 
500 |a Electronic resource. 
650 0 |a Beauty, Personal.  |0 http://id.loc.gov/authorities/subjects/sh85012720 
650 0 |a Cosmetics industry.  |0 http://id.loc.gov/authorities/subjects/sh85033145 
650 0 |a Fashion.  |0 http://id.loc.gov/authorities/subjects/sh85047377 
655 7 |a Internet videos.  |2 lcgft  |0 http://id.loc.gov/authorities/genreForms/gf2011026337 
655 7 |a Documentary television programs.  |2 lcgft  |0 http://id.loc.gov/authorities/genreForms/gf2011026207 
700 1 |a Cardin, Marlene McGinnis,  |e producer.  |0 http://id.loc.gov/authorities/names/no2011192785 
700 1 |a Charney, Nicolas H.,  |e director.  |0 http://id.loc.gov/authorities/names/no2012046161 
710 2 |a Videofashion Network,  |e production company.  |0 http://id.loc.gov/authorities/names/no2007078991 
776 1 |c Original  |w (OCoLC)635976885 
856 4 0 |u http://proxy.library.tamu.edu/login?url=https://www.aspresolver.com/aspresolver.asp?FASH;2467335  |z Connect to this streaming video (Alexander Street Press)  |t 0 
999 f f |s 454504ce-81a7-314d-b2a5-1322529943ab  |i 5500a230-62fc-310c-a313-f56e433f92b4  |t 0 
952 f f |a Texas A&M University  |b College Station  |c Electronic Resources  |s www_evans  |d Available Online  |t 0  |e HD9970.5.C672 E446 2008  |h Library of Congress classification 
998 f f |a HD9970.5.C672 E446 2008  |t 0  |l Available Online